MARC details
| 000 -LEADER |
| fixed length control field |
03206nam a2200325 i 4500 |
| 003 - CONTROL NUMBER IDENTIFIER |
| control field |
CSPC |
| 005 - DATE AND TIME OF LATEST TRANSACTION |
| control field |
20251125134331.0 |
| 008 - FIXED-LENGTH DATA ELEMENTS--GENERAL INFORMATION |
| fixed length control field |
250515s2022 ii b 001 0 eng d |
| 020 ## - INTERNATIONAL STANDARD BOOK NUMBER |
| International Standard Book Number |
9789393884121 |
| 040 ## - CATALOGING SOURCE |
| Transcribing agency |
CSPC |
| Original cataloging agency |
CSPC |
| Language of cataloging |
eng |
| Description conventions |
rda |
| 050 00 - LIBRARY OF CONGRESS CALL NUMBER |
| Classification number |
HG173 |
| 082 00 - DEWEY DECIMAL CLASSIFICATION NUMBER |
| Classification number |
332.15 |
| Item number |
B225 |
| 245 00 - TITLE STATEMENT |
| Title |
Banking across boundaries : |
| Remainder of title |
placing finance in capitalism / |
| Statement of responsibility, etc. |
edited by Neha Arora. |
| 264 #1 - PRODUCTION, PUBLICATION, DISTRIBUTION, MANUFACTURE, AND COPYRIGHT NOTICE |
| Place of production, publication, distribution, manufacture |
New Delhi, India : |
| Name of producer, publisher, distributor, manufacturer |
Random Publications LLP, |
| Date of production, publication, distribution, manufacture, or copyright notice |
2022 ; Reprint 2023. |
| 300 ## - PHYSICAL DESCRIPTION |
| Extent |
viii, 310 pages ; |
| Dimensions |
25 cm. |
| 336 ## - CONTENT TYPE |
| Source |
rdacontent |
| Content type term |
text |
| 337 ## - MEDIA TYPE |
| Source |
rdamedia |
| Media type term |
unmediated |
| 338 ## - CARRIER TYPE |
| Source |
rdacarrier |
| Carrier type term |
volume |
| 504 ## - BIBLIOGRAPHY, ETC. NOTE |
| Bibliography, etc. note |
Includes bibliographical references and index. |
| 505 0# - FORMATTED CONTENTS NOTE |
| Formatted contents note |
Banks as financial intermediaries -- Financial and banking sector -- Banking system reformation -- Fractional reserve banking -- Financial markets and institutions -- Bank regulation -- Credit risk management for banking -- Capital risk management for banking -- Capital market and trade cycle -- Banking issues in the 21st century -- Internet banking in emergency markets. |
| 520 ## - SUMMARY, ETC. |
| Summary, etc. |
"Banking Across Boundaries is a theoretically precise and empirically meticulous work of political economy that grapples seriously with the large-scale spatial patterns and dynamics of capitalist development and adds to our knowledge and understanding of them. A bank's capital, also known as equity, is the margin by which creditors are covered if the bank's assets were liquidated. A measure of a bank's financial health is its capital/asset ratio, which is required to be above a prescribed minimum. In economics, a market is defined as a set of arrangements whereby buyers and sellers come together and enter into contracts to exchange goods or services. An international financial market works on exactly the same principles. Financial instruments and services, which include diverse items such as currencies, private banking services and corporate finance advice, are traded internationally, that is, across national frontiers. In the new millennium, nearly all financial markets in the main1 industrialised economies are international. The main exceptions are retail banking markets and personal stockbroking, but even here there are some global features. Obtaining foreign exchange for holiday makers is a long-established international transaction, and now debit cards issued by banks may be used world-wide, allowing customers to withdraw cash in a local currency. Some foreign banks, if permitted by the authorities, are expanding into retail markets, though currently these institutions tend to offer a few niche products and/or target high net worth individuals. The book nevertheless delves deeply into the histories of banking, from merchant capitalism through the industrial age to the contemporary period of 'financialized' capitalism." -- Back cover |
| 650 #0 - SUBJECT ADDED ENTRY--TOPICAL TERM |
| Topical term or geographic name entry element |
Finance. |
| 650 #0 - SUBJECT ADDED ENTRY--TOPICAL TERM |
| Topical term or geographic name entry element |
Banks and banking. |
| 650 #0 - SUBJECT ADDED ENTRY--TOPICAL TERM |
| Topical term or geographic name entry element |
International banking. |
| 650 #0 - SUBJECT ADDED ENTRY--TOPICAL TERM |
| Topical term or geographic name entry element |
International finance. |
| 650 #0 - SUBJECT ADDED ENTRY--TOPICAL TERM |
| Topical term or geographic name entry element |
Capitalism. |
| 700 1# - ADDED ENTRY--PERSONAL NAME |
| Personal name |
Arora, Neha, |
| Relator term |
editor. |
| 942 ## - ADDED ENTRY ELEMENTS (KOHA) |
| Source of classification or shelving scheme |
Dewey Decimal Classification |
| Suppress in OPAC |
No |
| Koha item type |
Books |
| Classification part |
332.15 |
| Item part |
B225 |
| Call number prefix |
CIR |
| Call number suffix |
2022 |